| Tag |
First Indicator |
Second Indicator |
Subfields |
| LEADER |
00000cam a2200000 4500 |
| 001 |
in00000035631 |
| 005 |
20151007062052.0 |
| 008 |
751205s1914 nyuacf 00010 eng u |
| 035 |
|
|
|a (OCoLC)01877967
|
| 035 |
|
|
|9 AAD3882AM
|
| 040 |
|
|
|c AQM
|d TXA
|d UtOrBLW
|
| 049 |
|
|
|a TXAM
|c [5766]
|
| 090 |
|
|
|a NE860
|b .W43
|
| 092 |
|
|
|a 760
|b W43h
|
| 100 |
1 |
|
|a Weitenkampf, Frank,
|d 1866-1962.
|
| 245 |
1 |
0 |
|a How to appreciate prints /
|c by Frank Weitenkampf ...
|
| 264 |
|
1 |
|a New York :
|b Moffat, Yard & Co.,
|c 1914.
|
| 300 |
|
|
|a ix, 330 pages :
|b frontispiece, illustrations, plates, portraits ;
|c 21 cm.
|
| 336 |
|
|
|a text
|b txt
|2 rdacontent
|
| 337 |
|
|
|a unmediated
|b n
|2 rdamedia
|
| 338 |
|
|
|a volume
|b nc
|2 rdacarrier
|
| 650 |
|
0 |
|a Engraving.
|
| 999 |
|
|
|a MARS
|
| 999 |
f |
f |
|s b4391a60-8054-308c-8be8-267049fff5da
|i 32e7cd51-1bd6-32e6-8c68-814a84416e74
|t 0
|
| 952 |
f |
f |
|p normal
|a Texas A&M University
|b College Station
|c Sterling C. Evans Library
|d Evans: Library Stacks
|t 0
|e NE860 .W43
|h Library of Congress classification
|i unmediated -- volume
|m A14801159396
|
| 998 |
f |
f |
|a NE860 .W43
|t 0
|l Evans: Library Stacks
|